000 00536nam a2200205Ia 4500
003 OSt
005 20230413121616.0
008 210423s2005 xx 000 0 und d
020 _a748618953
040 _cAL
041 _aeng
082 _a823
_223
_bACHJ
100 _aACHESON (James);ROSS (Sarah C E).
_987900
245 _aContemporary British novel.
260 _aEdinburgh
_bEdinburgh University Press
_c2005
300 _aiv,250
_bPB
365 _b995
_cINR
906 _aBritish ; Contemporary ; novel.
942 _2ddc
_cBK
999 _c157404
_d157404